[Event "SN-2019-0-01001"]
[Site "LSS email"]
[Date "2019.11.19"]
[Round "?"]
[White "Venturas, Bob"]
[Black "Rice, Duncan"]
[Result "1-0"]
[WhiteElo "595"]
[BlackElo "547"]
[PlyCount "51"]
[EventDate "2019.11.03"]
[EventType "tourn (corr)"]
[EventRounds "6"]
[EventCountry "GER"]
[SourceTitle "Corr 2022"]
[Source "ChessBase"]
[SourceDate "2021.10.24"]
[SourceVersion "1"]
[SourceVersionDate "2021.10.24"]
[SourceQuality "1"]

1. e4 e5 2. Nf3 Nc6 3. a3 Nf6 4. Nc3 Bc5 5. Bc4 0-0 6. d3 a6 7. Ba2 d6 8. h3 h6 9. 0-0 Be6 10. Be3 Bxe3 11. fxe3 Bxa2 12. Nxa2 Re8 13. Nc3 Qd7 14. d4 exd4 15. exd4 Nxe4 16. d5 Nxc3 17. dxc6 Ne2+ 18. Kh2 Qxc6 19. Re1 Nf4 20. Qd4 Ne6 21. Qd3 Nf4 22. Qd2 Ne6 23. c3 b6 24. Rad1 Re7 25. Nd4 Rae8 26. Nxc6 1-0

[Event "SN-2019-0-01001"]
[Site "LSS email"]
[Date "2019.11.19"]
[Round "?"]
[White "Zmolil, Karel"]
[Black "Rice, Duncan"]
[Result "1-0"]
[WhiteElo "1009"]
[BlackElo "547"]
[PlyCount "43"]
[EventDate "2019.11.03"]
[EventType "tourn (corr)"]
[EventRounds "6"]
[EventCountry "GER"]
[SourceTitle "Corr 2022"]
[Source "ChessBase"]
[SourceDate "2021.10.24"]
[SourceVersion "1"]
[SourceVersionDate "2021.10.24"]
[SourceQuality "1"]

1. e4 e5 2. Nf3 Nc6 3. d4 exd4 4. Nxd4 Nxd4 5. Qxd4 d6 6. Bc4 Be6 7. Bd3 Nf6 8. Nc3 Be7 9. Bf4 0-0 10. 0-0-0 Re8 11. h3 h6 12. g4 b6 13. f3 c5 14. Qe3 d5 15. exd5 Bxd5 16. Bc4 Bd6 17. Ne4 Bxe4 18. Rxd6 Qe7 19. Re1 Nd7 20. fxe4 Ne5 21. Bxe5 Qxe5 22. Rd7 1-0

[Event "SN-2019-0-00984"]
[Site "LSS email"]
[Date "2019.07.17"]
[Round "?"]
[White "Neuhausen, Rainer"]
[Black "Rice, Duncan"]
[Result "1/2-1/2"]
[WhiteElo "969"]
[BlackElo "549"]
[PlyCount "65"]
[EventDate "2019.06.25"]
[EventType "tourn (corr)"]
[EventRounds "6"]
[EventCountry "GER"]
[SourceTitle "Corr 2022"]
[Source "ChessBase"]
[SourceDate "2021.10.24"]
[SourceVersion "1"]
[SourceVersionDate "2021.10.24"]
[SourceQuality "1"]

1. d4 d5 2. Nf3 Nf6 3. c4 dxc4 4. e3 e6 5. Bxc4 Bd6 6. 0-0 0-0 7. Nc3 Nc6 8. Bd2 e5 9. dxe5 Nxe5 10. Nxe5 Bxe5 11. Qc2 Re8 12. Rad1 Be6 13. Bxe6 Rxe6 14. Bc1 Qe7 15. Nd5 Nxd5 16. Rxd5 Rd8 17. Rxd8+ Qxd8 18. Rd1 Qh4 19. g3 Qf6 20. Rd7 g6 21. Rd1 Re8 22. e4 Rd8 23. b3 Rxd1+ 24. Qxd1 c5 25. Qd7 Bd4 26. Be3 Bxe3 27. fxe3 Qf3 28. Qd8+ Kg7 29. Qd3 b6 30. Qc3+ f6 31. e5 fxe5 32. Qxe5+ Qf6 33. Qc7+ 1/2-1/2

[Event "SN-2019-0-00984"]
[Site "LSS email"]
[Date "2019.07.16"]
[Round "?"]
[White "Rice, Duncan"]
[Black "Molina, Vicente Andres"]
[Result "0-1"]
[WhiteElo "549"]
[BlackElo "499"]
[PlyCount "62"]
[EventDate "2019.06.25"]
[EventType "tourn (corr)"]
[EventRounds "6"]
[EventCountry "GER"]
[SourceTitle "Corr 2022"]
[Source "ChessBase"]
[SourceDate "2021.10.24"]
[SourceVersion "1"]
[SourceVersionDate "2021.10.24"]
[SourceQuality "1"]

1. e4 e5 2. Nf3 Nc6 3. Nc3 d6 4. Bb5 Bd7 5. d3 Nf6 6. 0-0 Be7 7. Be3 0-0 8. a3 Nd4 9. Nxd4 exd4 10. Bxd4 c6 11. Bc4 Be6 12. Ba2 Nd7 13. h3 Ne5 14. Bxe6 fxe6 15. Bxe5 dxe5 16. Re1 Qd4 17. Re2 Bc5 18. Qd2 b5 19. b4 Bb6 20. Ree1 c5 21. Nd5 Qxa1 22. Rxa1 exd5 23. exd5 Rad8 24. c4 bxc4 25. dxc4 cxb4 26. axb4 Bd4 27. Rxa7 Bxa7 28. d6 Rxf2 29. Qxf2 Bxf2+ 30. Kxf2 Rxd6 31. Ke3 Rd4 0-1

[Event "SN-2019-0-00984"]
[Site "LSS email"]
[Date "2019.07.15"]
[Round "?"]
[White "Rice, Duncan"]
[Black "Venturas, Bob"]
[Result "0-1"]
[WhiteElo "549"]
[BlackElo "607"]
[PlyCount "68"]
[EventDate "2019.06.25"]
[EventType "tourn (corr)"]
[EventRounds "6"]
[EventCountry "GER"]
[SourceTitle "Corr 2022"]
[Source "ChessBase"]
[SourceDate "2021.10.24"]
[SourceVersion "1"]
[SourceVersionDate "2021.10.24"]
[SourceQuality "1"]

1. e4 e5 2. Nf3 Nc6 3. Nc3 h6 4. Bc4 Nf6 5. d3 Bc5 6. 0-0 d6 7. Be3 Bb4 8. Bd2 0-0 9. Re1 Be6 10. a3 Ba5 11. h3 Qd7 12. Bxe6 Qxe6 13. Ne2 Bb6 14. Be3 Bxe3 15. fxe3 Rad8 16. Nc3 Nh7 17. Nd5 Ne7 18. Nxe7+ Qxe7 19. Qe2 f5 20. exf5 Rxf5 21. e4 Rff8 22. Rf1 Rf4 23. Qe3 Rdf8 24. Nd2 Qg5 25. Rxf4 Rxf4 26. Qxa7 Rf7 27. Qxb7 Qxd2 28. Qb3 Qf4 29. Qb8+ Nf8 30. Qb3 Qf2+ 31. Kh2 Kh8 32. Qc4 g5 33. b4 Ng6 34. d4 Nh4 0-1

[Event "SN-2019-0-00964"]
[Site "LSS email"]
[Date "2019.03.11"]
[Round "?"]
[White "Rice, Duncan"]
[Black "Evtyugin, Yury Alekseevich"]
[Result "0-1"]
[WhiteElo "606"]
[BlackElo "927"]
[PlyCount "68"]
[EventDate "2019.02.06"]
[EventType "tourn (corr)"]
[EventRounds "6"]
[EventCountry "GER"]
[SourceTitle "Corr 2022"]
[Source "ChessBase"]
[SourceDate "2021.10.24"]
[SourceVersion "1"]
[SourceVersionDate "2021.10.24"]
[SourceQuality "1"]

1. e4 c5 2. Nf3 Nc6 3. Bc4 e6 4. 0-0 Nge7 5. d4 cxd4 6. Nxd4 d5 7. exd5 exd5 8. Nxc6 bxc6 9. Be2 Ng6 10. c4 Be7 11. cxd5 Qxd5 12. Qxd5 cxd5 13. Bb5+ Bd7 14. Bxd7+ Kxd7 15. Be3 Bf6 16. Nd2 Bxb2 17. Rad1 Rhd8 18. Nc4 Bf6 19. Rxd5+ Ke6 20. Rdd1 Ne5 21. Nxe5 Bxe5 22. g3 Rd7 23. Rfe1 Rad8 24. Rxd7 Rxd7 25. f4 Bc3 26. Rc1 Bd4 27. Bxd4 Rxd4 28. Kf2 Rd2+ 29. Kg1 Rxa2 30. Re1+ Kf6 31. g4 g6 32. h4 a5 33. g5+ Kf5 34. Rf1 a4 0-1

[Event "SN-2019-0-00964"]
[Site "LSS email"]
[Date "2019.03.11"]
[Round "?"]
[White "Rice, Duncan"]
[Black "Strnad, Pavel"]
[Result "0-1"]
[WhiteElo "606"]
[BlackElo "513"]
[PlyCount "35"]
[EventDate "2019.02.06"]
[EventType "tourn (corr)"]
[EventRounds "6"]
[EventCountry "GER"]
[SourceTitle "Corr 2022"]
[Source "ChessBase"]
[SourceDate "2021.10.24"]
[SourceVersion "1"]
[SourceVersionDate "2021.10.24"]
[SourceQuality "1"]

1. e4 d5 2. exd5 Qxd5 3. Nc3 Qa5 4. Nf3 Bg4 5. d3 c6 6. Be2 Nf6 7. 0-0 e6 8. Bd2 Bb4 9. a3 Bxc3 10. Bxc3 Qc7 11. h3 Bxf3 12. Bxf3 0-0 13. Bxf6 gxf6 14. Re1 Kh8 15. Qd2 Nd7 16. Re2 Rg8 17. Rae1 Ne5 18. Qh6 0-1

[Event "SN-2019-0-00964"]
[Site "LSS email"]
[Date "2019.03.11"]
[Round "?"]
[White "Vontina, Maria"]
[Black "Rice, Duncan"]
[Result "1-0"]
[WhiteElo "792"]
[BlackElo "606"]
[PlyCount "37"]
[EventDate "2019.02.06"]
[EventType "tourn (corr)"]
[EventRounds "6"]
[EventCountry "GER"]
[SourceTitle "Corr 2022"]
[Source "ChessBase"]
[SourceDate "2021.10.24"]
[SourceVersion "1"]
[SourceVersionDate "2021.10.24"]
[SourceQuality "1"]

1. e4 e5 2. Nf3 Nc6 3. Bb5 a6 4. Ba4 Nf6 5. 0-0 Bc5 6. d3 0-0 7. h3 d6 8. Bg5 h6 9. Bh4 g5 10. Bg3 Be6 11. Bb3 Bxb3 12. axb3 Nd7 13. Nc3 Qf6 14. Nd5 Qd8 15. Nh2 Nd4 16. c3 Ne6 17. Qh5 Nb6 18. Qxh6 c6 19. Nf6+ 1-0

[Event "SN-2018-0-00951"]
[Site "LSS email"]
[Date "2018.12.01"]
[Round "?"]
[White "Rice, Duncan"]
[Black "Oberlaender, Rolf"]
[Result "0-1"]
[WhiteElo "650"]
[BlackElo "731"]
[PlyCount "56"]
[EventDate "2018.10.27"]
[EventType "tourn (corr)"]
[EventRounds "6"]
[EventCountry "GER"]
[SourceTitle "Corr 2022"]
[Source "ChessBase"]
[SourceDate "2021.10.24"]
[SourceVersion "1"]
[SourceVersionDate "2021.10.24"]
[SourceQuality "1"]

1. e4 e5 2. Nf3 Nf6 3. Nc3 Nc6 4. Bc4 Bc5 5. a3 a6 6. 0-0 0-0 7. d3 b5 8. Ba2 b4 9. axb4 Bxb4 10. Bd2 d6 11. h3 Ba5 12. Re1 Bd7 13. Ne2 Bxd2 14. Qxd2 Qc8 15. c3 Be6 16. Bxe6 fxe6 17. b3 d5 18. exd5 exd5 19. d4 Ne4 20. Qd3 exd4 21. cxd4 Nb4 22. Qd1 c5 23. dxc5 Qxc5 24. Rf1 Qb6 25. Qd4 Qb5 26. Nc3 Nxc3 27. Qxc3 Rac8 28. Qd4 Nc2 0-1

[Event "SN-2018-0-00951"]
[Site "LSS email"]
[Date "2018.11.30"]
[Round "?"]
[White "Neuhausen, Rainer"]
[Black "Rice, Duncan"]
[Result "1-0"]
[WhiteElo "937"]
[BlackElo "650"]
[PlyCount "39"]
[EventDate "2018.10.27"]
[EventType "tourn (corr)"]
[EventRounds "6"]
[EventCountry "GER"]
[SourceTitle "Corr 2022"]
[Source "ChessBase"]
[SourceDate "2021.10.24"]
[SourceVersion "1"]
[SourceVersionDate "2021.10.24"]
[SourceQuality "1"]

1. e4 e5 2. Nf3 Nc6 3. Bb5 a6 4. Bxc6 dxc6 5. d3 Bd6 6. Nc3 Nf6 7. Bg5 0-0 8. 0-0 Be6 9. h3 h6 10. Bh4 b6 11. Bg3 a5 12. Re1 Re8 13. Bh4 Bb4 14. Nxe5 g5 15. Nxc6 Qd7 16. Ne5 Qd4 17. Bg3 Bxc3 18. bxc3 Qxc3 19. Nf3 Rac8 20. Be5 1-0

[Event "SN-2018-0-00934"]
[Site "LSS email"]
[Date "2018.07.18"]
[Round "?"]
[White "Rice, Duncan"]
[Black "Heiser, Jerome"]
[Result "0-1"]
[WhiteElo "652"]
[BlackElo "575"]
[PlyCount "94"]
[EventDate "2018.06.19"]
[EventType "tourn (corr)"]
[EventRounds "6"]
[EventCountry "GER"]
[SourceTitle "Corr 2022"]
[Source "ChessBase"]
[SourceDate "2021.10.24"]
[SourceVersion "1"]
[SourceVersionDate "2021.10.24"]
[SourceQuality "1"]

1. e4 e5 2. Nf3 Nc6 3. Bb5 d6 4. d3 Bd7 5. 0-0 Nge7 6. Nc3 Na5 7. Bd2 b6 8. Bxd7+ Qxd7 9. a3 Ng6 10. g3 Be7 11. Be3 0-0 12. Re1 c6 13. b4 Nb7 14. Qd2 Qg4 15. Qe2 Qh3 16. Ng5 Bxg5 17. Bxg5 h6 18. Be3 Rae8 19. Qf3 Nd8 20. Qg2 Qxg2+ 21. Kxg2 f5 22. exf5 Rxf5 23. Ne2 Ne6 24. c4 c5 25. Nc3 Rd8 26. Nd5 h5 27. h4 Rdf8 28. b5 Kh7 29. a4 R8f7 30. Nc3 Nd4 31. Bxd4 exd4 32. Ne4 Rd7 33. Ng5+ Kh6 34. Re2 Ne5 35. a5 Nxd3 36. Re6+ g6 37. f3 d5 38. cxd5 Rdxd5 39. axb6 axb6 40. Rxb6 c4 41. Re1 c3 42. Ree6 Ne5 43. Ra6 c2 44. Ra1 Rxb5 45. Rc1 d3 46. Ne4 Rb1 47. g4 hxg4 0-1

[Event "SN-2018-0-00920"]
[Site "LSS email"]
[Date "2018.04.21"]
[Round "?"]
[White "Ragnoli, Emanuele"]
[Black "Rice, Duncan"]
[Result "1-0"]
[WhiteElo "848"]
[BlackElo "689"]
[PlyCount "31"]
[EventDate "2018.03.28"]
[EventType "tourn (corr)"]
[EventRounds "6"]
[EventCountry "GER"]
[SourceTitle "Corr 2022"]
[Source "ChessBase"]
[SourceDate "2021.10.24"]
[SourceVersion "1"]
[SourceVersionDate "2021.10.24"]
[SourceQuality "1"]

1. d4 d5 2. Nc3 Nf6 3. Nf3 Nc6 4. e3 Bf5 5. Bd3 Bxd3 6. Qxd3 e6 7. 0-0 Bd6 8. a3 0-0 9. Bd2 h6 10. h3 a6 11. Rae1 Re8 12. e4 dxe4 13. Nxe4 Nxe4 14. Qxe4 Be7 15. c4 Bf6 16. Be3 1-0

[Event "SN-2018-0-00920"]
[Site "LSS email"]
[Date "2018.04.20"]
[Round "?"]
[White "Rice, Duncan"]
[Black "Vontina, Maria"]
[Result "0-1"]
[WhiteElo "689"]
[BlackElo "882"]
[PlyCount "37"]
[EventDate "2018.03.28"]
[EventType "tourn (corr)"]
[EventRounds "6"]
[EventCountry "GER"]
[SourceTitle "Corr 2022"]
[Source "ChessBase"]
[SourceDate "2021.10.24"]
[SourceVersion "1"]
[SourceVersionDate "2021.10.24"]
[SourceQuality "1"]

1. e4 e6 2. d4 d5 3. exd5 exd5 4. Nf3 Bg4 5. Be2 Nf6 6. 0-0 Be7 7. Nc3 0-0 8. h3 Bh5 9. Be3 c6 10. Bg5 Nbd7 11. Qd2 Re8 12. Qd3 Bg6 13. Qd1 Qc7 14. Bd3 Bxd3 15. Qxd3 Bd6 16. g3 h6 17. Bxf6 Nxf6 18. Nd2 Re7 19. Rfe1 0-1

[Event "SN-2017-0-00899"]
[Site "LSS email"]
[Date "2017.12.26"]
[Round "?"]
[White "Rice, Duncan"]
[Black "Raines, David T"]
[Result "0-1"]
[WhiteElo "692"]
[BlackElo "1150"]
[PlyCount "46"]
[EventDate "2017.12.03"]
[EventType "tourn (corr)"]
[EventRounds "6"]
[EventCountry "GER"]
[SourceTitle "Corr 2022"]
[Source "ChessBase"]
[SourceDate "2021.10.24"]
[SourceVersion "1"]
[SourceVersionDate "2021.10.24"]
[SourceQuality "1"]

1. e4 c5 2. Nf3 d6 3. Bc4 e6 4. a3 Nc6 5. d4 cxd4 6. Nxd4 Nf6 7. f3 Bd7 8. 0-0 a6 9. Nxc6 Bxc6 10. Nc3 Be7 11. Be3 0-0 12. Ne2 b5 13. Bb3 Qc7 14. Ba2 Rfd8 15. Qc1 Rac8 16. Qe1 d5 17. Qf2 Rb8 18. Bf4 e5 19. Bd2 dxe4 20. fxe4 Rxd2 21. c3 Bxe4 22. Qe3 Bc5 23. Nd4 Rxg2+ 0-1

[Event "SN-2017-0-00874"]
[Site "LSS email"]
[Date "2017.08.17"]
[Round "?"]
[White "Rice, Duncan"]
[Black "Newton, Daryl"]
[Result "0-1"]
[WhiteElo "733"]
[BlackElo "338"]
[PlyCount "68"]
[EventDate "2017.07.28"]
[EventType "tourn (corr)"]
[EventRounds "6"]
[EventCountry "GER"]
[SourceTitle "Corr 2022"]
[Source "ChessBase"]
[SourceDate "2021.10.24"]
[SourceVersion "1"]
[SourceVersionDate "2021.10.24"]
[SourceQuality "1"]

1. e4 e5 2. Nf3 Nf6 3. Nc3 Bc5 4. Nxe5 Qe7 5. d4 Bb6 6. Nf3 d6 7. Bd3 c6 8. 0-0 Bc7 9. Bf4 Bg4 10. h3 Bxh3 11. gxh3 Qe6 12. Kh2 Nbd7 13. Re1 Nh5 14. Ng5 Qf6 15. Ne2 Nxf4 16. Qd2 Qxg5 17. Nxf4 d5 18. exd5+ Kd8 19. Kh1 Bxf4 20. Qe2 Kc7 21. dxc6 Kxc6 22. Rg1 Qf6 23. Bb5+ Kc7 24. Qc4+ Kd8 25. Bxd7 Kxd7 26. Qd5+ Bd6 27. Qxb7+ Ke6 28. Rge1+ Kf5 29. Qd5+ Kg6 30. Qe4+ Qf5 31. Qc6 Qf6 32. Rg1+ Kh6 33. c3 Qf4 34. Qd7 Qh2# 0-1

[Event "SN-2017-0-00874"]
[Site "LSS email"]
[Date "2017.08.16"]
[Round "?"]
[White "Klawitter, Bernd"]
[Black "Rice, Duncan"]
[Result "1-0"]
[WhiteElo "636"]
[BlackElo "733"]
[PlyCount "53"]
[EventDate "2017.07.28"]
[EventType "tourn (corr)"]
[EventRounds "6"]
[EventCountry "GER"]
[SourceTitle "Corr 2022"]
[Source "ChessBase"]
[SourceDate "2021.10.24"]
[SourceVersion "1"]
[SourceVersionDate "2021.10.24"]
[SourceQuality "1"]

1. d4 d5 2. e4 dxe4 3. Nc3 c6 4. Nxe4 e6 5. c3 Nf6 6. Bg5 Be7 7. Nxf6+ Bxf6 8. Bxf6 Qxf6 9. Qf3 Qxf3 10. Nxf3 0-0 11. Bd3 Nd7 12. 0-0 Nf6 13. Rad1 b5 14. Bb1 a5 15. Ne5 Bb7 16. f3 Nd5 17. Rde1 a4 18. a3 f6 19. Nd3 Ne7 20. Rxe6 Rfe8 21. Rfe1 Kf8 22. Nc5 Bc8 23. Bxh7 Bxe6 24. Nxe6+ Kf7 25. Nc7 Rh8 26. Nxa8 Rxa8 27. Bd3 1-0

[Event "SN-2017-0-00837"]
[Site "LSS email"]
[Date "2017.03.18"]
[Round "?"]
[White "Rice, Duncan"]
[Black "Venturas, Bob"]
[Result "0-1"]
[WhiteElo "762"]
[BlackElo "626"]
[PlyCount "28"]
[EventDate "2017.02.21"]
[EventType "tourn (corr)"]
[EventRounds "6"]
[EventCountry "GER"]
[SourceTitle "Corr 2022"]
[Source "ChessBase"]
[SourceDate "2021.10.24"]
[SourceVersion "1"]
[SourceVersionDate "2021.10.24"]
[SourceQuality "1"]

1. e4 e5 2. Nf3 Nc6 3. Bc4 h6 4. Nc3 Nf6 5. d3 Bc5 6. 0-0 d6 7. a3 Bg4 8. h3 Bh5 9. Be3 Nd7 10. Bxc5 Nxc5 11. Nd5 Ne6 12. Qd2 Bxf3 13. gxf3 Ncd4 14. Qc3 Ne2+ 0-1

[Event "SN-2016-0-00737"]
[Site "LSS email"]
[Date "2016.02.21"]
[Round "?"]
[White "Rice, Duncan"]
[Black "Venturas, Bob"]
[Result "1-0"]
[WhiteElo "752"]
[BlackElo "627"]
[PlyCount "77"]
[EventDate "2016.02.05"]
[EventType "tourn (corr)"]
[EventRounds "6"]
[EventCountry "GER"]
[SourceTitle "Corr 2022"]
[Source "ChessBase"]
[SourceDate "2021.10.24"]
[SourceVersion "1"]
[SourceVersionDate "2021.10.24"]
[SourceQuality "1"]

1. e4 e5 2. Nf3 Nc6 3. Bc4 h6 4. 0-0 Bc5 5. Nc3 Nf6 6. a3 d6 7. d3 0-0 8. Be3 Nd4 9. Bxd4 Bxd4 10. Nxd4 exd4 11. Ne2 c5 12. h3 Nh5 13. Qd2 Kh8 14. c3 dxc3 15. Qxc3 a6 16. Bd5 Rb8 17. g4 Qg5 18. Qc4 Nf6 19. Bxf7 Nxg4 20. hxg4 Qxg4+ 21. Ng3 Qf3 22. Bh5 Bg4 23. Bxg4 Qxg4 24. Kg2 Qf3+ 25. Kh2 Rbe8 26. Qd5 Qf4 27. Qxb7 Rb8 28. Qd5 Rxb2 29. Kg2 Rxf2+ 30. Rxf2 Qxf2+ 31. Kh3 Qb2 32. Qxd6 Rf2 33. Rf1 Rh2+ 34. Kg4 Qg2 35. Qg6 h5+ 36. Kf5 Rh3 37. Ke6 Kg8 38. Ke7 Qxg3 39. Rf8# 1-0

[Event "SN-2016-0-00737"]
[Site "LSS email"]
[Date "2016.02.20"]
[Round "?"]
[White "Stehling, Eva"]
[Black "Rice, Duncan"]
[Result "1-0"]
[WhiteElo "974"]
[BlackElo "752"]
[PlyCount "23"]
[EventDate "2016.02.05"]
[EventType "tourn (corr)"]
[EventRounds "6"]
[EventCountry "GER"]
[SourceTitle "Corr 2022"]
[Source "ChessBase"]
[SourceDate "2021.10.24"]
[SourceVersion "1"]
[SourceVersionDate "2021.10.24"]
[SourceQuality "1"]

1. d4 d5 2. c4 dxc4 3. Qa4+ Nc6 4. Qxc4 e6 5. Nf3 Nf6 6. Bg5 Be7 7. e3 0-0 8. Bd3 h6 9. Bh4 a6 10. a4 Bb4+ 11. Nc3 b6 12. Qxc6 1-0

[Event "LSS No Engine Cup 140 Preliminary 0"]
[Site "LSS email"]
[Date "2015.10.12"]
[Round "?"]
[White "Kratky, Josef"]
[Black "Rice, Duncan"]
[Result "1-0"]
[WhiteElo "1603"]
[BlackElo "1097"]
[PlyCount "87"]
[EventDate "2015.10.13"]
[EventType "tourn (corr)"]
[EventRounds "6"]
[EventCountry "GER"]
[SourceTitle "Corr 2022"]
[Source "ChessBase"]
[SourceDate "2021.10.24"]
[SourceVersion "1"]
[SourceVersionDate "2021.10.24"]
[SourceQuality "1"]

1. e4 c5 2. Nf3 d6 3. d4 cxd4 4. Nxd4 e5 5. Nf3 Nf6 6. Bc4 Be7 7. Nc3 0-0 8. Bg5 Nc6 9. 0-0 h6 10. Bxf6 Bxf6 11. Nd5 Be6 12. c3 Bxd5 13. Bxd5 Qb6 14. Qb3 Qxb3 15. axb3 Rfe8 16. b4 Rab8 17. Rfd1 Ne7 18. Rxa7 b5 19. Rd7 Nxd5 20. Rxd5 Be7 21. g4 f6 22. Ne1 Kf8 23. Nc2 Kf7 24. Na3 Ke6 25. Ra7 Ra8 26. Nxb5 Rxa7 27. Nxa7 g6 28. c4 Ra8 29. Nb5 Ra4 30. c5 Rxb4 31. c6 Bd8 32. c7 Bxc7 33. Nxc7+ Kd7 34. Nb5 Ke6 35. Rxd6+ Ke7 36. Rd5 Rxb2 37. Nc3 Ke6 38. Rb5 Rc2 39. Nd5 Re2 40. Rb6+ Kf7 41. Rxf6+ Kg7 42. f3 Rd2 43. Re6 Rd3 44. Kg2 1-0

[Event "SN-2015-0-00695"]
[Site "LSS email"]
[Date "2015.08.15"]
[Round "?"]
[White "Rice, Duncan"]
[Black "Vontina, Maria"]
[Result "1/2-1/2"]
[WhiteElo "786"]
[BlackElo "849"]
[PlyCount "47"]
[EventDate "2015.07.23"]
[EventType "tourn (corr)"]
[EventRounds "6"]
[EventCountry "GER"]
[SourceTitle "Corr 2022"]
[Source "ChessBase"]
[SourceDate "2021.10.24"]
[SourceVersion "1"]
[SourceVersionDate "2021.10.24"]
[SourceQuality "1"]

1. e4 e6 2. d4 d5 3. exd5 exd5 4. Nf3 Nf6 5. Nc3 Be7 6. Bd3 0-0 7. 0-0 Bg4 8. h3 Bh5 9. Be2 c6 10. Bf4 Nbd7 11. Re1 Re8 12. Qd2 Bg6 13. Bd3 Bxd3 14. Qxd3 Nf8 15. Be5 Ng6 16. Bxf6 Bxf6 17. Qd2 Qd7 18. a3 Rxe1+ 19. Rxe1 Re8 20. Nd1 Rxe1+ 21. Qxe1 Kf8 22. c3 Bd8 23. Ne3 Bc7 24. b4 1/2-1/2

[Event "SN-2014-0-00636"]
[Site "LSS email"]
[Date "2014.10.30"]
[Round "?"]
[White "Rice, Duncan"]
[Black "Devies, Stefaan"]
[Result "0-1"]
[WhiteElo "682"]
[BlackElo "982"]
[PlyCount "34"]
[EventDate "2014.10.12"]
[EventType "tourn (corr)"]
[EventRounds "6"]
[EventCountry "GER"]
[SourceTitle "Corr 2015"]
[Source "ChessBase"]
[SourceDate "2015.07.17"]
[SourceVersion "1"]
[SourceVersionDate "2015.07.17"]
[SourceQuality "1"]

1. e4 c5 2. Nf3 Nc6 3. d4 cxd4 4. Nxd4 Nf6 5. Nc3 a6 6. Nxc6 bxc6 7. Bc4 e6 8. 0-0 Be7 9. a3 0-0 10. Be3 Bb7 11. h3 Qc7 12. g3 Rfd8 13. Bf4 e5 14. Be3 d5 15. exd5 cxd5 16. Nxd5 Nxd5 17. Qf3 Qxc4 0-1

[Event "SN-2014-0-00636"]
[Site "LSS email"]
[Date "2014.10.30"]
[Round "?"]
[White "Villar, Jeremias"]
[Black "Rice, Duncan"]
[Result "1-0"]
[WhiteElo "956"]
[BlackElo "682"]
[PlyCount "33"]
[EventDate "2014.10.12"]
[EventType "tourn (corr)"]
[EventRounds "6"]
[EventCountry "GER"]
[SourceTitle "Corr 2015"]
[Source "ChessBase"]
[SourceDate "2015.07.17"]
[SourceVersion "1"]
[SourceVersionDate "2015.07.17"]
[SourceQuality "1"]

1. d4 d5 2. Nf3 Nc6 3. c4 Nf6 4. Nc3 e6 5. e3 Bb4 6. a3 Bxc3+ 7. bxc3 0-0 8. cxd5 Nxd5 9. c4 Nf6 10. Bd3 Re8 11. Bb2 b6 12. Rc1 a5 13. Bb1 Ne7 14. Qd3 Ba6 15. d5 exd5 16. Bxf6 gxf6 17. Qxh7+ 1-0

[Event "ZN-2014-0-02661"]
[Site "LSS email"]
[Date "2014.03.28"]
[Round "?"]
[White "Ortega, Rayner"]
[Black "Rice, Duncan"]
[Result "0-1"]
[WhiteElo "619"]
[BlackElo "740"]
[PlyCount "98"]
[EventDate "2014.03.16"]
[EventType "match (corr)"]
[EventRounds "2"]
[EventCountry "GER"]
[SourceTitle "Telechess CBM 167"]
[Source "ChessBase"]
[SourceDate "2015.07.13"]
[SourceVersion "1"]
[SourceVersionDate "2015.07.13"]
[SourceQuality "1"]

1. e4 e5 2. Nf3 Nc6 3. c4 d6 4. d4 exd4 5. Nxd4 Nf6 6. Nc3 Qe7 7. Nxc6 bxc6 8. Qa4 Bd7 9. Bd3 g6 10. Bg5 Qe5 11. Bxf6 Qxf6 12. Qc2 Bg7 13. f3 0-0 14. 0-0-0 Rab8 15. g3 Qxf3 16. Rhf1 Qe3+ 17. Qd2 Qxd2+ 18. Rxd2 Bh6 19. h4 Bxd2+ 20. Kxd2 Rxb2+ 21. Ke3 Re8 22. Rb1 Rxb1 23. Nxb1 Bf5 24. Nc3 Be6 25. Kf4 Rd8 26. Kg5 Kg7 27. Ne2 d5 28. exd5 cxd5 29. c5 c6 30. Nd4 Bd7 31. g4 Rb8 32. Nf3 Be6 33. Ne5 f6+ 34. Kf4 fxe5+ 35. Kxe5 Bxg4 36. Kd6 Rc8 37. Ba6 Rf8 38. Kxc6 d4 39. Kb7 Bf5 40. Kxa7 d3 41. Kb6 d2 42. Be2 Bc2 43. c6 d1Q 44. Bxd1 Bxd1 45. a3 h6 46. c7 Bg4 47. a4 g5 48. hxg5 hxg5 49. a5 Bc8 0-1

[Event "SN-2013-0-00548"]
[Site "LSS email"]
[Date "2013.10.31"]
[Round "?"]
[White "Holmquist, Marson C"]
[Black "Rice, Duncan"]
[Result "0-1"]
[WhiteElo "628"]
[BlackElo "732"]
[PlyCount "38"]
[EventDate "2013.10.09"]
[EventType "tourn (corr)"]
[EventRounds "6"]
[EventCountry "GER"]
[SourceTitle "Telechess CBM 167"]
[Source "ChessBase"]
[SourceDate "2015.07.13"]
[SourceVersion "1"]
[SourceVersionDate "2015.07.13"]
[SourceQuality "1"]

1. d4 d5 2. c4 dxc4 3. Nc3 e6 4. e3 Nf6 5. Bxc4 Bd6 6. Nge2 0-0 7. e4 Bb4 8. Qb3 Bxc3+ 9. Nxc3 a6 10. d5 exd5 11. exd5 b5 12. Be2 Re8 13. Bg5 h6 14. Bxf6 Qxf6 15. 0-0 Nd7 16. Rfe1 Bb7 17. Bf3 Qg5 18. Ne4 Qe5 19. Nc5 Qxe1+ 0-1

[Event "SN-2013-0-00548"]
[Site "LSS email"]
[Date "2013.10.31"]
[Round "?"]
[White "Pauk, Jozef"]
[Black "Rice, Duncan"]
[Result "0-1"]
[WhiteElo "781"]
[BlackElo "732"]
[PlyCount "60"]
[EventDate "2013.10.09"]
[EventType "tourn (corr)"]
[EventRounds "6"]
[EventCountry "GER"]
[SourceTitle "Telechess CBM 167"]
[Source "ChessBase"]
[SourceDate "2015.07.13"]
[SourceVersion "1"]
[SourceVersionDate "2015.07.13"]
[SourceQuality "1"]

1. e4 e5 2. Bc4 Nf6 3. d3 Bc5 4. Nh3 0-0 5. Nc3 Nc6 6. Nd5 d6 7. Nxf6+ Qxf6 8. 0-0 Bxh3 9. gxh3 Nd4 10. f4 Nxc2+ 11. Kh1 Nxa1 12. Bd2 exf4 13. Bc3 Qh4 14. d4 Bb6 15. Rf3 Rfe8 16. Bd3 d5 17. e5 a6 18. Qxa1 f6 19. exf6 Bxd4 20. Bxd4 Re1+ 21. Qxe1 Qxe1+ 22. Kg2 gxf6 23. Bf1 Qd2+ 24. Bf2 Qxb2 25. Rxf4 Qxa2 26. Rxf6 Re8 27. Bd3 Rf8 28. Rf5 Rxf5 29. Bxf5 d4 30. Kg3 c5 0-1